=LDR 00000nam 2200000 4500 =001 INLIS000000000035167 =005 20130612141038 =008 ***********************************ind** =035 ##$$0010-061300000035167 =041 ##$$a ind =082 ##$$a 813 =090 ##$$a 813, Rol,d =100 ##$$a Rollins, James =245 ##$$a The Donsday Key 2012, A Novel, James Rollins;Alih Bahasa, Istiani Prayoko; Penyunting,Wijdan FR =260 ##$$a 2009 $b Bandung =300 ##$$a xv,524 hlm., Illus., 24 cm =650 ##$$a Fiksi Indonesia =700 ##$$a Prayoko, Istiani =850 ##$$a NBPNMAT